Weihnachten in anderen Ländern - Statistiken

Allgemein
  • Dieses Quiz wurde 74 mal gespielt
  • Das Durchschnittsergebnis liegt bei 4 aus 13
Antwortstatistiken
Für die Geschenke zuständig Herkunft % Korrekt
Christkind Deutschland🇩🇪
97%
Väterchen Frost Russland🇷🇺
71%
Sinterklaas Niederlande🇳🇱
55%
Julbock Schweden🇸🇪
45%
Hexe Befana Italien🇮🇹
40%
13 Trolle Island🇮🇸
31%
Papai Noel Brasilien🇧🇷
18%
Heilige Drei Könige Spanien🇪🇸
16%
Gwiazdor (Sternenmann) Polen🇵🇱
11%
Jõuluvana Estland🇪🇪
8%
Heiliger Basilius Griechenland🇬🇷
8%
Santa Haraboji Südkorea🇰🇷
3%
Djado Koleda Bulgarien🇧🇬
2%
Keine übereinstimmenden Quizze gefunden
Verteilung der Resultate
Anzahl Personen mit jedem Resultat
Perzentil nach korrekt beantworteten Fragen
Ihre Resultats-Entwicklung
Sie haben dieses Quiz noch nicht gespielt